Manual de estilo de publicaciones de la American Psychological Associatio / (Registro nro. 34479)

Detalles MARC
000 -LEADER
campo de control de longitud fija 03063cam a22004454i 4500
003 - IDENTIFICADOR DE NÚMERO DE CONTROL
campo de control PE-LiUPU
005 - FECHA Y HORA DE LA ÚLTIMA TRANSACCIÓN
campo de control 20250731184104.0
008 - DATOS DE LONGITUD FIJA--INFORMACIÓN GENERAL
campo de control de longitud fija 150623s r 000 0 d
020 ## - NÚMERO INTERNACIONAL ESTÁNDAR DEL LIBRO
Número Internacional Estándar del Libro 9684269781
035 ## - NÚMERO DE CONTROL DEL SISTEMA
Número de control de sistema (Sirsi) i9789684269781
040 ## - FUENTE DE CATALOGACIÓN
Centro catalogador/agencia de origen PE-LiUPU
Lengua de catalogación spa
Centro/agencia transcriptor PE-LiUPU
Normas de descripción rda
049 ## - FONDOS LOCALES (OCLC)
Biblioteca depositaria PRUA
082 04 - NÚMERO DE LA CLASIFICACIÓN DECIMAL DEWEY
Número de clasificación 808.06615
Cutter A512m
Número de edición 23
100 1# - ENTRADA PRINCIPAL--NOMBRE DE PERSONA
Nombre de persona American Psychological Association (APA),
Término indicativo de función/relación autor.
245 10 - MENCIÓN DEL TÍTULO
Título Manual de estilo de publicaciones de la American Psychological Associatio /
Mención de responsabilidad, etc. Trad. por Maricela Chávez M. [et al]; Adaptación gramatical Mayra Inzunza S.
250 ## - MENCION DE EDICION
Mención de edición Segunda edición
264 #1 - PRODUCCIÓN, PUBLICACIÓN, DISTRIBUCIÓN, FABRICACIÓN Y COPYRIGHT
Producción, publicación, distribución, fabricación y copyright México :
Nombre del de productor, editor, distribuidor, fabricante Editorial El Manual Moderno,
Fecha de producción, publicación, distribución, fabricación o copyright 2002.
300 ## - DESCRIPCIÓN FÍSICA
Extensión 433 páginas :
Otras características físicas ilustraciones, gráficos ;
Dimensiones 25 centímetros
336 ## - TIPO DE CONTENIDO
Término de tipo de contenido text
Fuente rdacontent
337 ## - TIPO DE MEDIO
Nombre/término del tipo de medio unmediated
Fuente rdamedia
338 ## - TIPO DE SOPORTE
Nombre/término del tipo de soporte volume
Fuente rdacarrier
500 ## - NOTA GENERAL
Nota general "Adaptado para el español por Editorial El Manual Moderno".
505 0# - NOTA DE CONTENIDO CON FORMATO
Nota de contenido con formato Tablas, tablas modelo, figuras y figuras modelo XIII. -Presentación a la segunda edición en español XV. -Agradecimientos XVII.-Prólogo XIX. -Introducción XXIII. -Organización de la quinta edición en inglés XXIV. -Cambios específi¡cos de estilo dentro de la quinta edición en inglés XXVI Cómo utilizar el Manual de estilo de publicaciones XXVI. -Contenido y organización de un manuscrito. -Calidad del contenido. -Diseño e informe de la investigación. -Evaluación del contenido. -Características de los artículos. -Autoría. -Tipos de artículos.- Extensión, encabezados y tono. -Partes de un manuscrito 7. -1. 0 6 Portadilla 8 . -1.07 Resumen 9. -1. 0 8 Introducción 12.-1.0 9 Método 13.-Resultados 16,.-scusión 21.12 Experimentos múltiples 22 .-1.13 Referencias 22.-1.14 Apéndices 23.-1.15 .-Nota acerca del autor 23.-Calidad de la presentación 24.-2. Expresión de ideas y reducción de discriminaciones en el. -lenguaje 27.-Introducción 27.-Estilo de redacción 28.-2. 0 1 Presentación ordenada de las ideas 28 .-2. 0 2 Fluidez de la expresión 29.-2. 0 3 Economía de la expresión 32. -2. 0 4 Precisión y claridad 33. -2.05 Estrategias para mejorar el estilo 36.-gramática 37. -2.06 Verbos 37.-2. 0 7 Concordanc.
526 ## - NOTA DE INFORMACIÓN SOBRE EL PROGRAMA DE ESTUDIO
Nombre del programa Comunicación Y Periodismo
526 ## - NOTA DE INFORMACIÓN SOBRE EL PROGRAMA DE ESTUDIO
Nombre del programa Educación, Especialidad Inglés Y Español (A Distancia)
526 ## - NOTA DE INFORMACIÓN SOBRE EL PROGRAMA DE ESTUDIO
Nombre del programa Educación, Especialidad Inglés Y Español
526 ## - NOTA DE INFORMACIÓN SOBRE EL PROGRAMA DE ESTUDIO
Nombre del programa Educación secundaria, especialidad lingüística e inglés
526 ## - NOTA DE INFORMACIÓN SOBRE EL PROGRAMA DE ESTUDIO
Nombre del programa Ciencias de la comunicación
650 #0 - PUNTO DE ACCESO ADICIONAL DE MATERIA--TÉRMINO DE MATERIA
Término de materia o nombre geográfico como elemento de entrada Redacción de escritos técnicos
Subdivisión de forma APA
9 (RLIN) 2238
650 #0 - PUNTO DE ACCESO ADICIONAL DE MATERIA--TÉRMINO DE MATERIA
Término de materia o nombre geográfico como elemento de entrada Arte de escribir
Subdivisión de forma -Manual APA
9 (RLIN) 2239
650 #0 - PUNTO DE ACCESO ADICIONAL DE MATERIA--TÉRMINO DE MATERIA
Término de materia o nombre geográfico como elemento de entrada Publicaciones técnicas
Subdivisión de forma - Manual APA
9 (RLIN) 2240
650 #0 - PUNTO DE ACCESO ADICIONAL DE MATERIA--TÉRMINO DE MATERIA
Término de materia o nombre geográfico como elemento de entrada Investigaciones
Subdivisión de forma -Manual APA
9 (RLIN) 2241
700 ## - ENTRADA AGREGADA--NOMBRE PERSONAL
Nombre de persona Chávez, Mariela
Títulos y otros términos asociados al nombre Traductor
9 (RLIN) 2242
Término indicativo de función/relación Traductor
942 ## - ELEMENTOS DE ENTRADA SECUNDARIOS (KOHA)
Fuente del sistema de clasificación o colocación Clasificación Decimal Dewey
Tipo de ítem Koha Libros físicos
Suprimir en OPAC No
949 ## - PROCESAMIENTO DE INFORMACIÓN LOCAL (OCLC)
w DEWEY
c 1
i 50830
d 2016-7-8
e 2016-7-8
l CCODEBUL1
m BUL
n 3
p 43.00
r 0
s Y
t BOOK
u 2015-6-24
x EDUCACION
z UNKNOWN
0 COMPRA
o .STAFF. Colección General
949 ## - PROCESAMIENTO DE INFORMACIÓN LOCAL (OCLC)
w DEWEY
c 2
i 50829
d 2016-7-8
e 2016-7-8
l CCODEBUL1
m BUL
n 1
p 43.00
r 0
s Y
t BOOK
u 2015-6-24
x EDUCACION
z UNKNOWN
0 COMPRA
o .STAFF. Colección General
980 ## - EQUIVALENCIA O REFERENCIA-CRUZADA-MENCIÓN DE SERIE--NOMBRE DE PERSONA/TÍTULO [LOCAL, CANADÁ]
ID del último usuario que modificó el registro 1
Nombre del último usuario que modificó el registro ALBERTO SANCHEZ Responsable de Automatización
Existencias
Visto por última vez Número de inventario Total de préstamos Signatura topográfica completa Código de barras Fecha del último préstamo Copia número Coste, precio de reemplazo Fecha de reemplazo Facultad Tipo de ítem Koha Nota pública Estado de pérdida Fuente del sistema de clasificación o colocación Restricciones de uso No para préstamo Colección Programa académico Biblioteca de origen Biblioteca actual Ubicación en estantería Fecha de adquisición Fuente de adquisición Coste, precio normal de compra
2025-12-03 6 4 808.06615 A512m 50830 2018-04-01 e2 48.00 2015-06-24 FACIHED Libros físicos inventario-2023-12-13 No Perdido Clasificación Decimal Dewey No restringido Disponible para préstamos Colección General Educación secundaria, especialidad lingüística e inglés Biblioteca CRAI UPeU Lima Biblioteca CRAI UPeU Lima Sala principal 2015-06-24 COMPRA 43.00
2025-12-03 6 8 808.06615 A512m 50829 2019-10-21 e1 48.00 2015-06-24 FACIHED Libros físicos inventario-2023-12-13 No Perdido Clasificación Decimal Dewey No restringido Disponible para préstamos Colección General Educación secundaria, especialidad lingüística e inglés Biblioteca CRAI UPeU Lima Biblioteca CRAI UPeU Lima Sala principal 2015-06-24 COMPRA 43.00